000
00291nam a2200109Ia 4500
008
220204s9999 xx 000 0 und d
082
_a
55(031)
_b
FAI
245
0
_a
Encyclopedia of world regional geology
260
_a
Pennsylvania
_b
Dowden
_c
1975
700
_a
Fairbridge, Rhodes W
942
_c
BK
999
_c
25200
_d
25200